Úklady a láska (Record no. 20445)
[ view plain ]
| 000 -LEADER | |
|---|---|
| fixed length control field | 01093nam a22003010i 4500 |
| 001 - CONTROL NUMBER | |
| control field | 20445 |
| 003 - CONTROL NUMBER IDENTIFIER | |
| control field | VRT |
| 005 - DATE AND TIME OF LATEST TRANSACTION | |
| control field | 20260122141554.0 |
| 008 - FIXED-LENGTH DATA ELEMENTS--GENERAL INFORMATION | |
| fixed length control field | 090725s1995 SK r 000 slo d |
| 020 ## - INTERNATIONAL STANDARD BOOK NUMBER | |
| International Standard Book Number | 8088834449 |
| 035 ## - SYSTEM CONTROL NUMBER | |
| System control number | (SVKBBclas03)vtls000020070 |
| 039 #9 - LEVEL OF BIBLIOGRAPHIC CONTROL AND CODING DETAIL [OBSOLETE] | |
| Level of rules in bibliographic description | 201602101538 |
| Level of effort used to assign nonsubject heading access points | AUTHORITY |
| Level of effort used to assign subject headings | 201602101533 |
| Level of effort used to assign classification | AUTHORITY |
| 040 ## - CATALOGING SOURCE | |
| Original cataloging agency | SVKBB |
| Language of cataloging | slo |
| Transcribing agency | SVKBB |
| Description conventions | AACR2 |
| 041 1# - LANGUAGE CODE | |
| Language code of text/sound track or separate title | slo |
| Language code of original | [ger] |
| 080 ## - UNIVERSAL DECIMAL CLASSIFICATION NUMBER | |
| Universal Decimal Classification number | 830-2=854 |
| 100 1# - MAIN ENTRY--PERSONAL NAME | |
| Personal name | Schiller, Friedrich, |
| Dates associated with a name | 1759-1805 |
| 245 10 - TITLE STATEMENT | |
| Title | Úklady a láska |
| Remainder of title | Meštiacka trúchlohra : 1784 |
| Statement of responsibility, etc. | Friedrich Schiller; prel. Ignác Šafár |
| 260 ## - PUBLICATION, DISTRIBUTION, ETC. | |
| Place of publication, distribution, etc. | Rohovce |
| Name of publisher, distributor, etc. | Interpopulart Slovakia |
| Date of publication, distribution, etc. | [1995] |
| 300 ## - PHYSICAL DESCRIPTION | |
| Extent | 107 s. |
| Other physical details | lit. |
| Dimensions | 19 cm |
| 440 #0 - SERIES STATEMENT/ADDED ENTRY--TITLE | |
| Title | Populart |
| 500 ## - GENERAL NOTE | |
| General note | Študentská knižnica. Séria: Klasicistická dráma |
| 655 #7 - INDEX TERM--GENRE/FORM | |
| Genre/form data or focus term | nemecké divadelné hry |
| Source of term | hŠVKBB |
| 700 1# - ADDED ENTRY--PERSONAL NAME | |
| Personal name | Šafár, Ignác, |
| Dates associated with a name | 1912-1981, |
| Relationship | trl |
| 942 ## - ADDED ENTRY ELEMENTS (KOHA) | |
| Source of classification or shelving scheme | Dewey Decimal Classification |
| Koha item type | Krásna literatúra pre dospelých |
| Suppress in OPAC | No |
| 949 ## - LOCAL PROCESSING INFORMATION (OCLC) | |
| 6 | 270001000026573 |
| a | svkbbA 94673 |
| b | svkbbm 612578 |
| 949 ## - LOCAL PROCESSING INFORMATION (OCLC) | |
| 6 | 270001000054052 |
| a | svkbbA 94673 |
| b | svkbbm 612577 |
| o | oprava väzby |
| 949 ## - LOCAL PROCESSING INFORMATION (OCLC) | |
| 6 | 270001000066133 |
| a | svkbbA 94673-b |
| b | svkbbm 613253 |
| o | oprava väzby |
| p | 613.253 |
| Stav vyradenia | Strata | Poškodenie | Spôsob nadobudnutia | Domovská knižnica | Aktuálna knižnica | Dátum nadobudnutia | Total checkouts | Čiarový kód exemplára | Date last seen | Typ exemplára |
|---|---|---|---|---|---|---|---|---|---|---|
| Dar | Obecná knižnica Horná Štubňa | Obecná knižnica Horná Štubňa | 22.01.2026 | 8088834449 | 22.01.2026 | Krásna literatúra pre dospelých |
